Soviet Union Decoder - Statistics

General Stats
  • This quiz has been taken 46 times
  • The average score is 15 of 23
Answer Stats
Hint Answer % Correct
E The northernmost Baltic SSR Estonia
98%
L The man who led the revolution and founded the Union Lenin
95%
H Tool that appears on the flag of the USSR along with a sickle Hammer
93%
U The Chernobyl disaster happened in this SSR Ukraine
93%
O Month of the Julian calendar in which the Bolsheviks seized power October
90%
R Currency used by the Soviet Union Ruble
90%
W War fought against Finland in 1939-1940 Winter War
85%
S Battle that marked the turning point of WWII Stalingrad
83%
R Royal dynasty overthrown by the Bolsheviks Romanov
80%
W Alliance of socialist Nations led by the USSR Warsaw Pact
80%
O A common subdivision found in Soviet Republics Oblast
78%
I According to Churchill, this divided the Eastern and Western blocs Iron curtain
75%
R Official name of the Soviet Armed Forces during WWII Red Army
75%
K He made a secret speech, denouncing his predecessor Khrushchev
50%
Workers of the world, unite!
50%
E River where US-Soviet forces met in WWII Elbe
48%
F Centralized plans that assisted in the development of the Soviet economy Five-year plans
45%
N Secret police of the Soviet Union from 1934 to 1946 NKVD
43%
T Small socialist Country that was annexed by the USSR in 1944 Tuva
35%
T A period of reduced tensions during the Cold War Thaw
28%
E Director of "Battleship Potemkin" (surname) Eisenstein
20%
O Autonomous subdivision for certain indigenous peoples in the RSFSR Okrug
20%
D Birth surname of Joseph Stalin Dzhugashvili
15%
No matching quizzes found
Score Distribution
Percent of People with Each Score
Percentile by Number Answered
Your Score History
You have not taken this quiz